000 00366nam a2200145Ia 4500
008 100415s9999 xx 000 0 und d
082 _b12681
_a572.9(5475)
100 _aKoppar DH
245 _aTribal art of Dangs
260 _aBARODA
_c1971
_bDEPT. OF MUSEUMS
365 _b44
630 _aTribal art of Dangs
730 _aTribal art of Dangs
942 _cBOOK
999 _c595598
_d595595